| 000 -ლიდერი |
| ფიქსირებული სიგრძის საკონტროლო ველი |
01154nam a2200229Ia 4500 |
| 001 - საკონტროლო ნომერი |
| საკონტროლო ველი |
4328 |
| 003 - საკონტროლო ნომრის იდენტიფიკატორი |
| საკონტროლო ველი |
GE_BSU |
| 005 - ბოლო ოპერაციის თარიღი და დრო |
| საკონტროლო ველი |
20191008163624.0 |
| 008 - ფიქსირებული სიგრძის მონაცემთა ელემენტები - ზოგადი ინფორმაცია |
| ფიქსირებული სიგრძის საკონტროლო ველი |
181216s1972||||ge |||||||||||||| ||geo|| |
| 040 ## - კატალოგიზაციის წყარო |
| Transcribing agency |
GE_BSU |
| 041 ## - ენის კოდი |
| Language code of text/sound track or separate title |
geo |
| 082 ## - დუის ათობითი კლასიფიკაციის ინდექსი |
| Classification number |
821.353.1–91–1 ქ–27 |
| 245 ## - ცნობა სათაურის შესახებ |
| Title |
ქართული ხალხური პოეზია : |
| Remainder of title |
ტ. 1. ნაკვ. 1.მითოლოგიური ლექსები / |
| Statement of responsibility, etc |
ტომის შემდგ.: მ. ჩიქოვანი, ნ. შამანაძე ; წინასიტყვ. ავტ.: მ. ჩიქოვანი. |
| 264 ## - წარმოების, გამოცემის, დისტრიბუციის და სხვა ცნობები |
| გამოცემის, წარმოების, დისტრიბუციის... ადგილი |
თბ. : |
| გამოცემის, წარმოების, დისტრიბუციის... სახელწოდება |
მეცნიერება, |
| გამოცემის, წარმოების, დისტრიბუციის... თარიღი |
1972. |
| 300 ## - ფიზიკური აღწერა |
| Extent |
422 გვ. |
| Other physical details |
22 სმ. |
| 501 ## - შენიშვნა თანმხლებ მასალაზე |
| With note |
ლექსიკონი: გვ.375-88.-საძიებლები: გვ.389-413. |
| 520 ## - SUMMARY, ETC. |
| Summary, etc |
რეზუმე რუს. და ინგლ. ენ. |
| 653 ## - INDEX TERM--UNCONTROLLED |
| Uncontrolled term |
ქართული ხალხური პოეზია |
| 700 ## - ADDED ENTRY--PERSONAL NAME |
| Personal name |
ჩიქოვანი, მ. |
| Relator term |
რედაქტორი |
| 9 (RLIN) |
4633 |
| 700 ## - ADDED ENTRY--PERSONAL NAME |
| Personal name |
შამანაძე, ნ. |
| Relator term |
რედაქტორი |
| 9 (RLIN) |
4634 |
| 942 ## - ADDED ENTRY ELEMENTS (KOHA) |
| Koha item type |
წიგნი |
| Source of classification or shelving scheme |
|